000
00220nam a22000977a 4500
999
_c
15757
_d
15757
003
OSt
008
191015b ||||| |||| 00| 0 eng d
100
_a
Damodaran, N K.
_9
4294
245
_a
Karamasov sahodaranmar
942
_c
BK